[Event "Villa Yayabo tt"]
[Site "Sancti Spiritus"]
[Date "2018.06.06"]
[Round "5.3"]
[White "Sori, Richard"]
[Black "Leyva, Noberlan"]
[Result "1/2-1/2"]
[WhiteElo "1856"]
[BlackElo "1974"]
[PlyCount "38"]
[EventDate "2018.06.04"]
[EventType "team-tourn"]
[EventRounds "10"]
[EventCountry "CUB"]
[SourceTitle "EXT 2021"]
[Source "ChessBase"]
[SourceDate "2020.10.23"]
[SourceVersion "1"]
[SourceVersionDate "2020.10.23"]
[SourceQuality "1"]

1. d4 Nf6 2. c4 e6 3. Nc3 Bb4 4. Nf3 0-0 5. e3 b6 6. Be2 Bb7 7. 0-0 d5 8. cxd5 Nxd5 9. Nxd5 exd5 10. Bd2 Bxd2 11. Qxd2 Nd7 12. Rac1 c5 13. b3 cxd4 14. exd4 Rc8 15. Rxc8 Bxc8 16. Rc1 Nf6 17. Ne5 Re8 18. Nc6 Qd7 19. Ne5 Qf5 1/2-1/2

[Event "Sancti Spiritus Concepcion Memorial tt"]
[Site "Sancti Spiritus"]
[Date "2018.01.18"]
[Round "5.2"]
[White "Sori, Richard"]
[Black "Gonzalez Escalona, Luis"]
[Result "0-1"]
[WhiteElo "1900"]
[BlackElo "1906"]
[PlyCount "86"]
[EventDate "2018.01.16"]
[EventType "team-tourn"]
[EventRounds "10"]
[EventCountry "CUB"]
[SourceTitle "EXT 2021"]
[Source "ChessBase"]
[SourceDate "2020.10.23"]
[SourceVersion "1"]
[SourceVersionDate "2020.10.23"]
[SourceQuality "1"]

1. d4 Nf6 2. Nc3 g6 3. e4 d6 4. f3 Bg7 5. Be3 0-0 6. Qd2 Nc6 7. 0-0-0 e5 8. d5 Ne7 9. Bh6 Ne8 10. g4 c6 11. h4 cxd5 12. exd5 f5 13. h5 fxg4 14. hxg6 Nxg6 15. Bxg7 Nxg7 16. Qh6 Qf6 17. Kb1 g3 18. Ne4 Qe7 19. Qxh7+ Kf7 20. Qh6 Rh8 21. Ng5+ Kf6 22. Nh7+ Rxh7 23. Qxh7 Bf5 24. Rh6 Rf8 25. Bh3 Qe8 26. Bxf5 Nxf5 27. Rxg6+ Qxg6 28. Qxb7 Rf7 29. Qb4 Kg7 30. Qe4 Nd4 31. c3 Nxf3 32. Qxg6+ Kxg6 33. Nxf3 Rxf3 34. Rg1 Kg5 35. c4 Kg4 36. Kc2 Kh3 37. b4 Kh2 38. Rxg3 Kxg3 39. c5 Rf7 40. Kd3 Kf3 41. Kc4 e4 42. cxd6 e3 43. Kc5 e2 0-1

[Event "Sancti Spiritus Concepcion Memorial tt"]
[Site "Sancti Spiritus"]
[Date "2018.01.17"]
[Round "2.1"]
[White "Cabrera Gonzalez, Maximo Ariel"]
[Black "Sori, Richard"]
[Result "1-0"]
[WhiteElo "1919"]
[BlackElo "1900"]
[PlyCount "81"]
[EventDate "2018.01.16"]
[EventType "team-tourn"]
[EventRounds "10"]
[EventCountry "CUB"]
[SourceTitle "EXT 2021"]
[Source "ChessBase"]
[SourceDate "2020.10.23"]
[SourceVersion "1"]
[SourceVersionDate "2020.10.23"]
[SourceQuality "1"]

1. e4 c5 2. Nf3 d6 3. d4 cxd4 4. Nxd4 Nf6 5. Nc3 a6 6. Be3 Ng4 7. Bg5 h6 8. Bh4 g5 9. Bg3 Bg7 10. Qd2 Nc6 11. Nb3 Be6 12. 0-0-0 b5 13. h4 gxh4 14. Rxh4 Nce5 15. Nd4 Bd7 16. f4 Ng6 17. Rh1 Qa5 18. Be2 b4 19. Nd5 Qxa2 20. Qxb4 0-0 21. Nc3 Qa1+ 22. Kd2 Rab8 23. Ncb5 a5 24. Qc3 Qa2 25. Ra1 Bxd4 26. Qxd4 Qe6 27. f5 Qf6 28. Bxg4 Qg5+ 29. Qe3 Rxb5 30. Qxg5 hxg5 31. Be2 Ne5 32. Bxb5 Bxb5 33. Bxe5 dxe5 34. Rxa5 Rb8 35. Rha1 Kg7 36. b3 g4 37. Ke3 Kf6 38. Rd1 Kg5 39. Rd5 Bf1 40. Rxe5 Bxg2 41. Rxe7 1-0